000
00373nam a22001577a 4500
003
MPLRDC
005
20220104142409.0
008
210129b ||||| |||| 00| 0 eng d
082
_a
857.9 DGH-59 v.1
100
_a
独孤红
245
_a
铁血. 一
_c
260
_a
_b
武侠春秋出版社
_c
300
_b
平
650
_a
武侠小说
942
_c
BK
_o
857.9 DGH-59 v.1
999
_c
30552
_d
30542